Statystyki dla Historia Transferowa Piłkarza #4

Kliknij tutaj aby rozwiązać quiz!

Ogólne statystyki

  • Ten quiz został rozwiązany 84 razy
  • Średni wynik to 3 z 5

Statystyki odpowiedzi

ZagadnienieOdpowiedź% Poprawnych
Virgil Van DijkFC Groningen-Celtic Glasgow-Southampton-Liverpool
91%
Achraf HakimiReal Madryt-Borussia Dortmund-Real Madryt-Inter Mediolan-PSG
91%
Leroy SaneFC Schalke-Manchester City-Bayern Monachium
69%
Michał KarbownikLegia Warszawa-Brighton-Legia Warszawa-Brighton-Olympiakos-Brighton-Fortuna Dusseldorf-Brighton
58%
Ismael BennacerArsenal-Tours FC-Arsenal-Empoli-AC Milan
18%

Rozkład punktacji

Percentyl według liczby udzielonych odpowiedzi

Procent ludzi z każdym wynikiem

Twoja historia wyników

Nie rozwiązałeś tego quizu